| 000 | 00587nam a2200181 i 4500 | ||
|---|---|---|---|
| 001 | 55345 | ||
| 003 | ES-MaACL | ||
| 005 | 20230906163127.0 | ||
| 007 | t| | ||
| 008 | 030918s1973 sp ||||1| spa d | ||
| 100 | 1 |
_aDenis, Robert. _943704 |
|
| 245 | 1 | 3 |
_aLa caracterologĂa al servicio de la empresa / _cRobert Denis, S. Torkomian ; traducido por Francisco Fontanals. |
| 260 |
_aMadrid : _bI.E.E., _c[1973] |
||
| 300 |
_a216 p., 1 gráf. pleg. : _bil. ; _c22 cm. |
||
| 700 | 1 |
_aTorkomian, S. _9110646 |
|
| 700 | 1 |
_aFontanals, Francisco. _951605 |
|
| 852 |
_aES-MaACL _jC-51316 _bR.85325 |
||
| 999 |
_c55345 _d55345 |
||